Søren Kierkegaard
| Main Author: | |
|---|---|
| Format: | Print Book |
| Language: | German |
| Subito Delivery Service: | Order now. |
| Check availability: | HBZ Gateway |
| WorldCat: | WorldCat |
| Interlibrary Loan: | Interlibrary Loan for the Fachinformationsdienste (Specialized Information Services in Germany) |
| Published: |
München
Beck
2000
|
| In: | Year: 2000 |
| Edition: | Orig.-Ausg. |
| Series/Journal: | Beck'sche Reihe Denker
556 |
| Standardized Subjects / Keyword chains: | B
Kierkegaard, Søren 1813-1855
|
| Further subjects: | B
Kierkegaard, Søren <1813-1855>
B Kierkegaard, Søren <1813-1855> Criticism and interpretation |
| Online Access: |
Table of Contents |
MARC
| LEADER | 00000cam a2200000 c 4500 | ||
|---|---|---|---|
| 001 | 30970684X | ||
| 003 | DE-627 | ||
| 005 | 20250817101601.0 | ||
| 007 | tu | ||
| 008 | 000209s2000 gw ||||| 00| ||ger c | ||
| 015 | |a 00,N11,0066 |2 dnb | ||
| 015 | |a 00,A19,0161 |2 dnb | ||
| 016 | 7 | |a 957551797 |2 DE-101 | |
| 020 | |a 3406419569 |c br. : Eur 12,50 |9 3-406-41956-9 | ||
| 024 | 3 | |a 9783406419560 | |
| 035 | |a (DE-627)30970684X | ||
| 035 | |a (DE-576)084035374 | ||
| 035 | |a (DE-599)GBV30970684X | ||
| 035 | |a (OCoLC)215631963 | ||
| 035 | |a (OCoLC)215631963 | ||
| 040 | |a DE-627 |b ger |c DE-627 |e rakwb | ||
| 041 | |a ger | ||
| 044 | |c XA-DE | ||
| 082 | 0 | 4 | |a 10 |q dnb |
| 084 | |a PHIL 865,7 |2 sfb | ||
| 084 | |a 10 |2 sdnb | ||
| 084 | |a 5,1 |2 ssgn | ||
| 084 | |a CH 8517 |2 rvk |0 (DE-625)rvk/18351:11616 | ||
| 084 | |a CH 8514 |2 rvk |0 (DE-625)rvk/18351:11613 | ||
| 084 | |a 08.24 |2 bkl | ||
| 084 | |a 08.37 |2 bkl | ||
| 100 | 1 | |0 (DE-588)115443193 |0 (DE-627)077255380 |0 (DE-576)162553560 |4 aut |a Pieper, Annemarie |d 1941-2024 | |
| 109 | |a Pieper, Annemarie 1941-2024 |a Piper, Anemari 1941-2024 | ||
| 245 | 1 | 0 | |a Søren Kierkegaard |c Annemarie Pieper |
| 250 | |a Orig.-Ausg. | ||
| 264 | 1 | |a München |b Beck |c 2000 | |
| 300 | |a 156 S. |b Ill., graph. Darst. |c 19 cm | ||
| 336 | |a Text |b txt |2 rdacontent | ||
| 337 | |a ohne Hilfsmittel zu benutzen |b n |2 rdamedia | ||
| 338 | |a Band |b nc |2 rdacarrier | ||
| 490 | 0 | |a Beck'sche Reihe |v 556 |a Denker | |
| 500 | |a Literaturverz. S. 150 - 155 | ||
| 600 | 1 | 4 | |a Kierkegaard, Søren <1813-1855> |
| 600 | 1 | 4 | |a Kierkegaard, Søren <1813-1855> |x Criticism and interpretation |
| 601 | |a Kierkegaard, P. C. | ||
| 689 | 0 | 0 | |d p |0 (DE-588)118562002 |0 (DE-627)133369072 |0 (DE-576)20898786X |2 gnd |a Kierkegaard, Søren |d 1813-1855 |
| 689 | 0 | |5 DE-101 | |
| 689 | 1 | 0 | |d p |0 (DE-588)118562002 |0 (DE-627)133369072 |0 (DE-576)20898786X |2 gnd |a Kierkegaard, Søren |d 1813-1855 |
| 689 | 1 | |5 (DE-627) | |
| 856 | 4 | 2 | |u http://d-nb.info/957551797/04 |m V:DE-603 |q application/pdf |v 20130501 |x Verlag |3 Inhaltsverzeichnis |7 1 |
| 935 | |a mteo | ||
| 935 | |i Blocktest | ||
| 936 | r | v | |a CH 8517 |b Abhandlungen, Studien |k Philosophie |k Geschichte der Philosophie |k Geschichte der Philosophie des Abendlandes von Antike bis 20. Jahrhundert |k Philosophie des 19. Jahrhunderts |k Andere Länder |k Autoren |k Kierkegaard, Sören Aabye |k Abhandlungen, Studien |0 (DE-627)1270700804 |0 (DE-625)rvk/18351:11616 |0 (DE-576)200700804 |
| 936 | r | v | |a CH 8514 |b Kommentare zum Gesamtwerk |k Philosophie |k Geschichte der Philosophie |k Geschichte der Philosophie des Abendlandes von Antike bis 20. Jahrhundert |k Philosophie des 19. Jahrhunderts |k Andere Länder |k Autoren |k Kierkegaard, Sören Aabye |k Kommentare zum Gesamtwerk |0 (DE-627)1270700812 |0 (DE-625)rvk/18351:11613 |0 (DE-576)200700812 |
| 936 | b | k | |a 08.24 |j Neue westliche Philosophie |0 (DE-627)106402641 |
| 936 | b | k | |a 08.37 |j Religionsphilosophie |0 (DE-627)106405578 |
| 951 | |a BO | ||
| ELC | |b 1 | ||
| ITA | |a 1 | ||
| LOK | |0 000 xxxxxcx a22 zn 4500 | ||
| LOK | |0 001 3144915521 | ||
| LOK | |0 003 DE-627 | ||
| LOK | |0 004 30970684X | ||
| LOK | |0 005 20220329151133 | ||
| LOK | |0 008 041026||||||||||||||||ger||||||| | ||
| LOK | |0 040 |a DE-21-112 |c DE-627 |d DE-21-112 | ||
| LOK | |0 541 |e 00/127 | ||
| LOK | |0 852 |a DE-21-112 | ||
| LOK | |0 852 1 |c A Philosophie Pie 1 |m p |9 00 | ||
| LOK | |0 852 2 |b Ethik in den Biowissenschaften / Wilhelmstraße 56 |9 00 | ||
| LOK | |0 866 |x Etat :Ethik in den Biowissenschaften | ||
| LOK | |0 935 |a k112 |a kneu |a le01 | ||
| LOK | |0 938 |k p | ||
| LOK | |0 939 |a 26-10-04 |b l01 | ||
| LOK | |0 000 xxxxxcx a22 zn 4500 | ||
| LOK | |0 001 314491553X | ||
| LOK | |0 003 DE-627 | ||
| LOK | |0 004 30970684X | ||
| LOK | |0 005 20100408181813 | ||
| LOK | |0 008 040510||||||||||||||||ger||||||| | ||
| LOK | |0 040 |a DE-21-35 |c DE-627 |d DE-21-35 | ||
| LOK | |0 541 |e 04/391 | ||
| LOK | |0 852 |a DE-21-35 | ||
| LOK | |0 852 1 |c Eo 191.235 |m p |9 00 | ||
| LOK | |0 938 |k p | ||
| LOK | |0 938 |l K5 |8 0 | ||
| LOK | |0 939 |a 10-05-04 |b l01 | ||
| LOK | |0 000 xxxxxcx a22 zn 4500 | ||
| LOK | |0 001 3144915548 | ||
| LOK | |0 003 DE-627 | ||
| LOK | |0 004 30970684X | ||
| LOK | |0 005 20100406233055 | ||
| LOK | |0 008 050820||||||||||||||||ger||||||| | ||
| LOK | |0 040 |a DE-21-46 |c DE-627 |d DE-21-46 | ||
| LOK | |0 541 |e 2000/206 | ||
| LOK | |0 689 |a p |0 1311357637 |a Kierkegaard, Sören | ||
| LOK | |0 852 |a DE-21-46 | ||
| LOK | |0 852 1 |c Ci 300/2603 |m p |9 00 | ||
| LOK | |0 935 |a k046 | ||
| LOK | |0 938 |k p | ||
| LOK | |0 939 |a 20-08-05 |b l01 | ||
| ORI | |a SA-MARC-ixtheoa001.raw | ||
| REL | |a 1 | ||
| SUB | |a REL | ||
| SYG | 0 | 0 | |a Kierkegaard, Søren Aabye,1813-1855,Kierkegaard, S.,1813-1855,Kirkegor, Seren,1813-1855,Kierkegaard, Soeren,1813-1855,K'erkegor,1813-1855,Kierkegaard, Soren Aabye,1813-1855,Kierkegaard, Soren A.,1813-1855,Kierkegaard, Sören A.,1813-1855,Kierkegaard, Søren A.,1813-1855,Kjerkegaard, S.,1813-1855,Kierkegaard, St́ren A.,1813-1855,Kierkegaard, St́ren,1813-1855,Kjerkegor, Seren,1813-1855,Kierkegaard, Soren,1813-1855,Kierkegaard, Sören,1813-1855,Notabene, Nikolaus,1813-1855,Minor, Petrus,1813-1855,Eremita, Victor,1813-1855,Vigilius,Haufniensis,1813-1855,Haufniensis, Vigilius,1813-1855,Climacus, Johannes,1813-1855,Silentio, Johannes de,1813-1855,Johannes,de Silentio,1813-1855,Silentio, Johannes de,1813-1855,Constantius, Constantin,1813-1855,Buchbinder, Hilarius,1813-1855,Bogbinder, Hilarius,1813-1855,Afham, William,1813-1855,Anti-Climacus,1813-1855,Eremita, Viktor,1813-1855,Johannes,Climacus,1813-1855,Notabene, Nicolaus,1813-1855,Inter et inter,1813-1855,Vigilius,1813-1855,Nicolaus Notabene,1813-1855,Kierkegaard, S.A.,1813-1855,Kierkegaard, S. A.,1813-1855 , Kierkegaard, Søren Aabye,1813-1855,Kierkegaard, S.,1813-1855,Kirkegor, Seren,1813-1855,Kierkegaard, Soeren,1813-1855,K'erkegor,1813-1855,Kierkegaard, Soren Aabye,1813-1855,Kierkegaard, Soren A.,1813-1855,Kierkegaard, Sören A.,1813-1855,Kierkegaard, Søren A.,1813-1855,Kjerkegaard, S.,1813-1855,Kierkegaard, St́ren A.,1813-1855,Kierkegaard, St́ren,1813-1855,Kjerkegor, Seren,1813-1855,Kierkegaard, Soren,1813-1855,Kierkegaard, Sören,1813-1855,Notabene, Nikolaus,1813-1855,Minor, Petrus,1813-1855,Eremita, Victor,1813-1855,Vigilius,Haufniensis,1813-1855,Haufniensis, Vigilius,1813-1855,Climacus, Johannes,1813-1855,Silentio, Johannes de,1813-1855,Johannes,de Silentio,1813-1855,Silentio, Johannes de,1813-1855,Constantius, Constantin,1813-1855,Buchbinder, Hilarius,1813-1855,Bogbinder, Hilarius,1813-1855,Afham, William,1813-1855,Anti-Climacus,1813-1855,Eremita, Viktor,1813-1855,Johannes,Climacus,1813-1855,Notabene, Nicolaus,1813-1855,Inter et inter,1813-1855,Vigilius,1813-1855,Nicolaus Notabene,1813-1855,Kierkegaard, S.A.,1813-1855,Kierkegaard, S. A.,1813-1855 |